Spanish-english, english-spanish dictionary /

Guardado en:
Formato: Libro
Publicado: Barcelona : Grijalbo, 1979
Materias:
Etiquetas: Agregar Etiqueta
Sin Etiquetas, Sea el primero en etiquetar este registro!
LEADER 00686nam a22002055a 4500
001 CEM.cems012198
005 20060817000000.0
008 130507s1979##################000#0#####d
003 CEMS
020 |a 8425311845 
082 0 4 |a C423.6 
245 0 0 |a Spanish-english, english-spanish dictionary /  |c Colin Smith ; manuel Bermejo Marcos ; eugenio Chang-rodríguez 
260 |a Barcelona :  |b Grijalbo,  |c 1979 
300 |a 634 p. 
653 |a Diccionarios 
653 |a Diccionario ingles-español 
653 |a Diccionario español-ingles 
653 |a Ingles 
859 |a CEMS  |b BIB. CEMS - 11 de abril  |h C423.6  |i C691  |p 9316.81  |t Ej.1 
859 |a CEMS  |b BIB. CEMS - 11 de abril  |h C423.6  |i C691  |p 9317.81  |t Ej.2